000 01226namaa2200265 i 4500
001 173899
003 ES-MaACL
005 20250824081356.0
008 100128s1869 sp |||| | spa d
040 _aSpMaBN
_bspa
_cPAB
100 0 _aBardan, Federico.
_925573
245 1 3 _aUn casamiento republicano
_b: zarzuela en tres actos /
_carreglada del francés por Bardán, Granés y Pastorfido ; musica de José Rogel.
260 _aMadrid :
_b[s.n.],
_c1869 (
_fImp. de José Rodriguez)
300 _a86 p. ;
_c17 cm.
490 1 _aEl Teatro y Administracion lírico-dramática
500 _aSolo la letra.
594 _aEn port.: Representada por primera vez en el teatro de los Bufos Arderius (Circo), el dia 14 de enero de 1869.
594 _aPrecede al tít.: Repertorio de los Bufos Arderius.
700 0 _aPastorfido, Miguel.
_989537
700 1 _aGranés, Salvador María.
_9127535
700 1 _aRogel, José.
_9131984
830 0 3 _aEl teatro y Administración Lírico-Dramática
_9189266
852 _aES-MaACL
_jF-8627(8)
_z.- Enc. pasta española
_q.- Falto de la cub. original
_z.- Enc. en un vol. facticio formando parte de la col. facticia "Teatro español moderno", vol. 82
999 _c173899
_d173899